[Event "Michigan Women's"]
[Site "Warren, MI"]
[Date "2001.12.15"]
[Round "1.1"]
[White "Skidmore, Jennifer"]
[Black "Prescott, Brooke"]
[Result "1-0"]
[WhiteElo "1870"]
[BlackElo "721"]
[PlyCount "75"]
[EventDate "2001.12.15"]

1. e4 Nc6 2. d4 Nf6 3. e5 Ne4 4. c3 d6 5. f4 f6 6. d5 fxe5 7. dxc6 bxc6 8. fxe5
dxe5 9. Qh5+ Kd7 10. Qf5+ e6 11. Qxe4 Rb8 12. Nf3 Bd6 13. Bc4 Qf6 14. O-O Qg6
15. Nxe5+ Bxe5 16. Qxe5 Bb7 17. Bg5 h6 18. Bxe6+ Qxe6 19. Rd1+ Qd6 20. Qxg7+
Ke6 21. Qf6+ Kd7 22. Qe7+ Kc8 23. Rxd6 cxd6 24. Qe6+ Kc7 25. Bf4 Ba6 26. Bxd6+
Kb6 27. Qb3+ Bb5 28. Bxb8 Rf8 29. Nd2 Rxb8 30. a4 Kc5 31. Qb4+ Kd5 32. Qd4+ Ke6
33. Re1+ Kf5 34. Re5+ Kf6 35. Qd6+ Kf7 36. Re7+ Kg8 37. Qg6+ Kf8 38. Qg7# 1-0

[Event "Michigan Women's"]
[Site "Warren, MI"]
[Date "2001.12.15"]
[Round "3.1"]
[White "Skidmore, Jennifer"]
[Black "Morley, Casey"]
[Result "1-0"]
[WhiteElo "1870"]
[BlackElo "1265"]
[PlyCount "97"]
[EventDate "2001.12.15"]

1. e4 c5 2. Nc3 d6 3. f4 Nf6 4. Nf3 g6 5. Bb5+ Bd7 6. Bxd7+ Nbxd7 7. O-O Bg7 8.
d3 O-O 9. Qe1 Qb6 10. Rb1 Rac8 11. h3 Ne8 12. Nd5 Qd8 13. f5 e6 14. Bg5 Nef6
15. fxe6 fxe6 16. Nf4 Qe8 17. e5 dxe5 18. Nxe5 Nxe5 19. Qxe5 Rc6 20. c3 Qd7 21.
Rbe1 Nh5 22. Qe3 Nxf4 23. Rxf4 Rxf4 24. Bxf4 Qd5 25. a3 Qa2 26. Re2 b6 27. Qe4
Qd5 28. Qe3 Qa2 29. Kh2 Qd5 30. c4 Qd4 31. Qf3 Rc8 32. Rxe6 Rf8 33. Re4 Qxb2
34. Re2 Qxa3 35. Qd5+ Kh8 36. Bd6 Rd8 37. Qf7 Qa4 38. Re7 Rg8 39. Rxa7 Qe8 40.
Qf4 Rf8 41. Bxf8 Be5 42. Bg7+ Bxg7 43. Qe4 Qb8+ 44. g3 Qd6 45. Qe8+ Bf8 46. Qf7
Qe7 47. Rxe7 Bxe7 48. Qxe7 Kg8 49. Kg2 1-0

[Event "Michigan Women's"]
[Site "Warren, MI"]
[Date "2001.12.15"]
[Round "2.6"]
[White "Moore, Stacey"]
[Black "Drew, Sha'Toirea"]
[Result "1-0"]
[WhiteElo "1196"]
[BlackElo "828"]
[PlyCount "73"]
[EventDate "2001.12.15"]

1. e4 Nf6 2. Nc3 e5 3. Nf3 Bb4 4. Nxe5 Qe7 5. Nf3 Bxc3 6. dxc3 Nxe4 7. Be2 O-O
8. O-O Nc6 9. Bd3 Nc5 10. Bxh7+ Kxh7 11. Ng5+ Kg8 12. Qh5 Qxg5 13. Qxg5 d6 14.
Be3 b6 15. Qg3 Bb7 16. Bh6 Ne6 17. Rfe1 Ne5 18. f4 Rfe8 19. f5 g6 20. fxe6 Rxe6
21. Be3 Rf6 22. Bd4 Rf5 23. Qh3 Kf8 24. Rf1 Rh5 25. Qe3 Re8 26. Qf4 Bd5 27.
Rad1 a5 28. Bxe5 Rexe5 29. Rxd5 Ref5 30. Rxf5 gxf5 31. g4 Rh7 32. Qxf5 Kg8 33.
Qf6 Rg7 34. Re1 Rxg4+ 35. Kh1 Rg6 36. Re8+ Kh7 37. Rh8# 1-0

[Event "Michigan Women's"]
[Site "Warren, MI"]
[Date "2001.12.15"]
[Round "1.5"]
[White "Ianni, Angela"]
[Black "Taliaferro, Nataiya"]
[Result "1-0"]
[WhiteElo "1235"]
[BlackElo "443"]
[PlyCount "91"]
[EventDate "2001.12.15"]

1. d4 d5 2. c4 e6 3. Nc3 Nf6 4. Nf3 Nc6 5. e3 Ng4 6. h3 Nf6 7. Be2 Ne4 8. Nxe4
dxe4 9. Nd2 e5 10. d5 Na5 11. Qa4+ Qd7 12. Qxa5 Bd6 13. Nxe4 b6 14. Nxd6+ Qxd6
15. Qa4+ Bd7 16. Qc2 O-O 17. O-O c6 18. Rd1 cxd5 19. Rxd5 Qe6 20. Bg4 Ba4 21.
Qxa4 Qe8 22. Qxe8 Rfxe8 23. b3 a6 24. Bb2 Rad8 25. Rxd8 Rxd8 26. Bxe5 b5 27.
cxb5 axb5 28. Rd1 Rxd1+ 29. Bxd1 f6 30. Bd6 h5 31. Be2 h4 32. Bxb5 Kf7 33. a4
Ke6 34. Bf8 Kd5 35. a5 g5 36. a6 Ke6 37. a7 f5 38. a8=Q g4 39. Qb7 gxh3 40.
gxh3 Ke5 41. Bc4 f4 42. Qd5+ Kf6 43. Qe6+ Kg5 44. Be7+ Kh5 45. Be2+ f3 46.
Bxf3# 1-0

[Event "Michigan Women's"]
[Site "Warren, MI"]
[Date "2001.12.15"]
[Round "2.1"]
[White "Gurski, Christina"]
[Black "Skidmore, Jennifer"]
[Result "0-1"]
[WhiteElo "1107"]
[BlackElo "1870"]
[PlyCount "76"]
[EventDate "2001.12.15"]

1. e4 e5 2. Nf3 d6 3. d4 Nf6 4. Bg5 exd4 5. Nxd4 Be7 6. Nd2 c6 7. Bd3 Qb6 8. c3
Qxb2 9. Qc1 Qb6 10. O-O Qc5 11. Nf5 Bxf5 12. exf5 Nbd7 13. Re1 Ne5 14. Bxf6
gxf6 15. Bb1 O-O-O 16. Nb3 Qb6 17. Qe3 Rhg8 18. Qxb6 axb6 19. Be4 d5 20. Bf3
Nxf3+ 21. Kf1 Nxe1 22. Rxe1 Bd6 23. g3 Kc7 24. Nd2 Ra8 25. Nf3 Rxa2 26. Rc1
Rga8 27. Kg2 Rb2 28. Ne1 Raa2 29. Nd3 Rd2 30. Nb4 Rxf2+ 31. Kh3 Rxh2+ 32. Kg4
h5+ 33. Kf3 Raf2+ 34. Ke3 Bxg3 35. c4 Bf4+ 36. Kd3 Rf3+ 37. Kd4 Rd2+ 38. Nd3
Rdxd3# 0-1

[Event "Michigan Women's"]
[Site "Warren, MI"]
[Date "2001.12.15"]
[Round "4.6"]
[White "Gurski, Christina"]
[Black "Hickey, Amber"]
[Result "1-0"]
[WhiteElo "1107"]
[BlackElo "715"]
[PlyCount "115"]
[EventDate "2001.12.15"]

1. e4 e5 2. Nf3 Nf6 3. Nxe5 Qe7 4. Nf3 Nxe4 5. Qe2 Nf6 6. d3 d6 7. Bg5 Qe6 8.
Bxf6 gxf6 9. Nd4 Qe5 10. f4 Qxe2+ 11. Bxe2 Bg7 12. Nf3 O-O 13. O-O Bg4 14. Nbd2
Nc6 15. c3 Rae8 16. Rae1 h6 17. Rf2 Bxf3 18. Nxf3 Na5 19. Nh4 d5 20. Nf5 Nc6
21. Nxg7 Kxg7 22. Rff1 Kg8 23. Bh5 Rxe1 24. Rxe1 f5 25. h3 d4 26. Bf3 dxc3 27.
bxc3 f6 28. Bxc6 bxc6 29. Re6 c5 30. Rc6 Rf7 31. Rxc5 Re7 32. Rxf5 Re1+ 33. Kh2
Kg7 34. Ra5 Re3 35. Rxa7 Rxd3 36. Rxc7+ Kg6 37. a4 Rd5 38. Rb7 Ra5 39. Rb4 Rc5
40. Rb3 f5 41. Ra3 Rc4 42. a5 Rxf4 43. a6 Re4 44. a7 Re8 45. a8=Q Rxa8 46. Rxa8
Kf6 47. Ra6+ Kg5 48. Ra5 h5 49. c4 Kf4 50. c5 Ke3 51. c6 f4 52. c7 f3 53. gxf3
Kxf3 54. c8=Q Kf4 55. Qc4+ Kf3 56. Ra3+ Kf2 57. Qc2+ Kf1 58. Ra1# 1-0

[Event "Michigan Action"]
[Site "Warren, MI"]
[Date "2001.12.18"]
[Round "2.13"]
[White "LaFerriere, Adam"]
[Black "Aldrich, Justin"]
[Result "0-1"]
[WhiteElo "1385"]
[BlackElo "1589"]
[PlyCount "120"]
[EventDate "2001.12.08"]

1. e4 e5 2. Nf3 d6 3. d4 exd4 4. Nxd4 Nf6 5. Bg5 Be7 6. Qe2 O-O 7. Bxf6 Bxf6 8.
c3 Re8 9. Qc2 d5 10. Bd3 dxe4 11. Bxe4 Bxd4 12. cxd4 f5 13. O-O fxe4 14. Re1
Qxd4 15. Nc3 e3 16. Rxe3 Rxe3 17. Rd1 Re8 18. Nb5 Qe4 19. Qd2 Na6 20. Nc3 Qg6
21. Nd5 Bf5 22. Nf4 Qf7 23. a3 Rad8 24. Qxd8 Rxd8 25. Rxd8+ Qf8 26. Rxf8+ Kxf8
27. Kf1 Nc5 28. Ke1 Nd3+ 29. Nxd3 Bxd3 30. Kd2 Bf1 31. g3 Bg2 32. Ke3 Ke7 33.
Kf4 Kf6 34. h4 h5 35. f3 g6 36. g4 hxg4 37. fxg4 Bf1 38. g5+ Ke6 39. Ke4 Kd6
40. Kd4 Bh3 41. b4 b5 42. Kc3 Ke5 43. Kd3 Bf5+ 44. Ke3 a6 45. Ke2 Kf4 46. Kf2
Kg4 47. Kg2 Kxh4 48. Kh2 Kxg5 49. Kg3 Kh5 50. Kf2 Kh4 51. Kg2 Be4+ 52. Kh2 g5
53. Kg1 g4 54. Kh2 g3+ 55. Kg1 Kh3 56. Kf1 Kh2 57. Ke2 g2 58. Ke3 Bb7 59. Kf4
g1=Q 60. Ke5 Qg5+ 0-1

[Event "Michigan Action"]
[Site "Warren, MI"]
[Date "2001.12.18"]
[Round "4.5"]
[White "Ghobrial, Ameer"]
[Black "Aldrich, Justin"]
[Result "1-0"]
[WhiteElo "2115"]
[BlackElo "1589"]
[PlyCount "83"]
[EventDate "2001.12.08"]

1. c4 e5 2. Nc3 Nf6 3. Nf3 Nc6 4. a3 d6 5. g3 Be7 6. Bg2 O-O 7. O-O Be6 8. b3
a6 9. d4 exd4 10. Nxd4 Nxd4 11. Qxd4 Rb8 12. Bb2 c5 13. Qd2 b5 14. Nd5 Nxd5 15.
Bxd5 Bxd5 16. Qxd5 Bf6 17. Bxf6 Qxf6 18. Rad1 Rfd8 19. Rd3 bxc4 20. Qxc4 Qe6
21. Qc2 h6 22. Rfd1 Rb7 23. Re3 Qf6 24. Qc4 a5 25. Red3 Rbd7 26. Qa6 Qb2 27.
Qxa5 Qxe2 28. Qb5 Qe7 29. a4 Rb7 30. Qc6 Rb4 31. Qd5 Qb7 32. Qxb7 Rxb7 33. Rc1
Rbd7 34. Kf1 Kf8 35. Ke2 f6 36. Rd5 Ke7 37. Kd3 Rb7 38. Re1+ Kf7 39. Kc2 Rb6
40. Red1 Ke7 41. f4 Rdb8 42. R1d3 1-0

[Event "Michigan Action"]
[Site "Warren, MI"]
[Date "2001.12.18"]
[Round "6.6"]
[White "Aldrich, Justin"]
[Black "Obukhov, Dmitriy"]
[Result "0-1"]
[WhiteElo "1589"]
[BlackElo "2079"]
[PlyCount "61"]
[EventDate "2001.12.08"]

1. e4 e6 2. Nf3 d5 3. exd5 exd5 4. d4 Bd6 5. c3 Nf6 6. Bd3 O-O 7. O-O Bg4 8. h3
Bxf3 9. Qxf3 Nbd7 10. Bg5 c6 11. Re1 Qc7 12. Nd2 Rfe8 13. Bf5 b5 14. Bxd7 Nxd7
15. Qg4 Nf8 16. f4 Ne6 17. Bf6 h5 18. Qxh5 gxf6 19. f5 Ng7 20. Qg4 Bh2+ 21. Kh1
Qf4 22. Nf3 Bg3 23. Rf1 Qxg4 24. hxg4 Re2 25. b4 Rae8 26. c4 R8e4 27. cxd5 cxd5
28. Rac1 Rxg4 29. Rc8+ Kh7 30. Rc7 Bxc7 31. Rc1 0-1

[Event "Michigan Action"]
[Site "Warren, MI"]
[Date "2001.12.18"]
[Round "3.7"]
[White "Aldrich, Justin"]
[Black "Ford, Adam"]
[Result "1-0"]
[WhiteElo "1589"]
[BlackElo "1242"]
[PlyCount "83"]
[EventDate "2001.12.08"]

1. e4 e5 2. Nf3 Nc6 3. Bc4 Bc5 4. d3 Nf6 5. Bg5 O-O 6. O-O d6 7. h3 Nd4 8. Nc3
Be6 9. Bxe6 fxe6 10. Na4 b6 11. c3 Nb5 12. b4 Nxc3 13. Nxc3 Bxb4 14. Ne2 Qd7
15. Qb3 Bc5 16. Rac1 Rab8 17. Bxf6 Rxf6 18. d4 exd4 19. Nexd4 Re8 20. Qb5 Qf7
21. Nb3 Qg6 22. Nh2 Ref8 23. Nxc5 dxc5 24. Qc6 R6f7 25. Rc3 Qf6 26. Rf3 Qg6 27.
Rg3 Qf6 28. Ng4 Qd4 29. Nh6+ Kh8 30. Nxf7+ Kg8 31. Ng5 h6 32. Nxe6 Rc8 33. Nxd4
Rd8 34. Qe6+ Kh8 35. Qf7 Rg8 36. Nf5 g5 37. Nxh6 Rg7 38. Qf6 Kh7 39. Rxg5 Rxg5
40. Qxg5 c4 41. Nf5 c3 42. Qg7# 1-0

[Event "Fischer G/60 Swiss"]
[Site "Warren, MI"]
[Date "2002.??.??"]
[Round "4"]
[White "Vlacic, Mirko"]
[Black "Cox, Daniel"]
[Result "1-0"]
[WhiteElo "1513"]
[BlackElo "912"]
[PlyCount "75"]
[EventDate "2002.08.10"]

1. f4 d5 2. Nf3 Nf6 3. e3 e6 4. b3 Bd6 5. Bb2 O-O 6. Bd3 Nc6 7. a3 a5 8. O-O
Bd7 9. h3 Re8 10. Nh2 Ne4 11. Qg4 g6 12. Bxe4 dxe4 13. Nc3 Bf8 14. Nxe4 Bg7 15.
Bxg7 Kxg7 16. Qe2 Ne7 17. d4 c6 18. c4 b5 19. c5 Nd5 20. Nf3 b4 21. a4 Rf8 22.
Ne5 Bc8 23. Nxc6 Qc7 24. Ne5 Ba6 25. Nc4 Rab8 26. Ned6 Nf6 27. Rac1 Ne8 28.
Nxe8+ Rfxe8 29. Rf3 Qc6 30. Rg3 Qe4 31. h4 h5 32. Qf3 Qd3 33. Qd1 Qe4 34. Nd6
Qd5 35. e4 Qc6 36. d5 Qd7 37. dxe6 fxe6 38. Nf5+ 1-0

[Event "Fischer G/60 Swiss"]
[Site "Warren, MI"]
[Date "2002.??.??"]
[Round "1"]
[White "Laurin, Edward"]
[Black "Cox, Daniel"]
[Result "1-0"]
[WhiteElo "1738"]
[BlackElo "912"]
[PlyCount "55"]
[EventDate "2002.08.10"]

1. e4 e5 2. Nf3 Nc6 3. Bc4 Nf6 4. d4 exd4 5. O-O d6 6. Nxd4 Ne5 7. Be2 Nxe4 8.
Re1 Bd7 9. Bd3 Nf6 10. f4 Be7 11. fxe5 dxe5 12. Nf5 Bc5+ 13. Be3 Bxe3+ 14. Nxe3
e4 15. Nf1 O-O 16. Bxe4 Nxe4 17. Rxe4 Qc8 18. Nc3 Bf5 19. Re5 Rd8 20. Qe2 Bg4
21. Qe4 Be6 22. Nd5 c6 23. Ne7+ Kf8 24. Nxc8 Raxc8 25. Qxh7 Rd6 26. Rxe6 Rxe6
27. Qh8+ Ke7 28. Qxc8 1-0

[Event "Bottom-Half Class U1300"]
[Site "Romulus, MI"]
[Date "2002.??.??"]
[Round "5.24"]
[White "Gregg, Ted"]
[Black "Mong, Sanda"]
[Result "1-0"]
[WhiteElo "1133"]
[BlackElo "915"]
[PlyCount "71"]
[EventDate "2002.06.21"]

1. f4 Nc6 2. Nf3 e6 3. e3 d5 4. Bb5 Nf6 5. O-O a6 6. Bxc6+ bxc6 7. b3 Bc5 8.
Bb2 O-O 9. Qe1 a5 10. d4 Ba7 11. Qxa5 Bb7 12. Qe1 Bb6 13. Ba3 Ba5 14. Qh4 Re8
15. Nbd2 Bc3 16. Rad1 Rxa3 17. Ne5 Rxa2 18. Ndf3 Rxc2 19. Ng5 Re7 20. Rf3 c5
21. dxc5 d4 22. c6 Ba6 23. Rh3 h6 24. Ngf3 dxe3 25. Rxd8+ Kh7 26. Nd7 Rxd7 27.
Rxd7 Ne4 28. Ne1 Bxe1 29. Qxe1 Re2 30. Qh4 Rf2 31. g4 Rf1+ 32. Kg2 e2 33. Re3
g5 34. Rxf7+ Kg8 35. Qh5 Rf2+ 36. Kh3 1-0

[Event "Fischer G/60 Swiss"]
[Site "Warren, MI"]
[Date "2002.??.??"]
[Round "2"]
[White "Cox, Nick"]
[Black "Vlacic, Mirko"]
[Result "0-1"]
[WhiteElo "1589"]
[BlackElo "1513"]
[PlyCount "42"]
[EventDate "2002.08.10"]

1. e4 c5 2. Nf3 Nc6 3. d4 cxd4 4. Nxd4 g6 5. Nc3 Bg7 6. Be3 a6 7. Bc4 e6 8. Qd2
Nge7 9. O-O-O Na5 10. Qe2 b5 11. Bd3 Bb7 12. Qd2 h6 13. f3 Nac6 14. Be2 Qa5 15.
Nb3 Qc7 16. Bf4 Ne5 17. Bg3 d5 18. Rhe1 Rc8 19. exd5 b4 20. Ne4 Nxd5 21. Nec5
O-O {Remainder illegible, 33?} 0-1

[Event "Reuben Fine Winter Swiss"]
[Site "Warren, MI"]
[Date "2002.01.19"]
[Round "6"]
[White "Vandivier, Don"]
[Black "Ghobrial, Ameer"]
[Result "1-0"]
[WhiteElo "1900"]
[BlackElo "2170"]
[Annotator "Don Vandivier"]
[PlyCount "77"]
[EventDate "2002.01.19"]

1. e4 e6 2. d4 d5 3. Nc3 Nf6 4. Bg5 Be7 5. e5 Nfd7 6. Bxe7 Qxe7 {Let's take a
look at this opening system. I would like to point out it's inherit values.
Note that White has his center pawns on dark squares and has good squares for
his White squared Bishop. Black, on the other hand, has his pawns on the same
color squares as his White squared Bishop. The future of Black's Bishop is
grim at this point. Therefore, Black's strategy must be to undermine Whites
center pawns with possible breaks such as c5 and f6. If White can maintain his
center pawns then he has an extreme advantage. Understanding this, White must
play...} 7. f4 O-O 8. Qh5 $5 ({The Main Line is} 8. Nf3 {My move is much more
aggressive.}) 8... c5 {Black reacts appropriately, attacking White's center
pawns.} 9. dxc5 $1 {Why does this move contain an "!" mark? Because my plan is
to castle Q-side and pawn-storm the Black King position. To do this
effectively I need to reduce the amount of conflict that would distract me
from the plan. If I had played 8.Nf3 I would not have made this exchange.} Qxc5
{After 9...Nxc5 I would have simply castled Q-side and continued with my plan.
9...Qxc5 does not stop me from continuing my plan, it only changes the way I
go about it. For example, I can not play 10.O-O-O now without dropping the
f-pawn to 10... Qe3+} 10. Bd3 {What I really like about my new line with Qh5
is that my pieces come into play with tempo and the K-Knight will go to e2
where it protects the f-pawn.} h6 (10... g6 11. Qg5 {continuing my plan of
castling long and a pawn storm with h4-h5.}) 11. Nge2 Nc6 12. O-O-O Qe3+ $2 {
This is a horrible move. Take a moment to count development: Black has 4
pieces developed (counting his King). White has 6 pieces developed and is
threatening to pawn-storm the Black King.} 13. Kb1 Nc5 14. Rhf1 $1 {Correct
and precise. Now Black has to worry about his Queen. Note that the idea of
sacrificing a piece to get mate doesn't work.} (14. g4 $2 d4 $1 15. Nb5 Nxd3
16. g5 Nf2 17. gxh6 g6) 14... Nxd3 15. Rxd3 Qc5 16. g4 {With a minimum of
effort, White is ahead 2 tempi in development AND has a strong attack. Black
is forced to withdraw his troops to defend the homeland.} f6 $2 ({Playable is} 
16... Nb4 17. Rd2 (17. Rh3 $6 d4 18. a3 Nxc2 19. Kxc2 dxc3 20. Rxc3 Qb5 21. Ng3
Bd7 22. g5 hxg5 23. Qxg5 Rac8 {Black is better.}) 17... b6 18. g5 hxg5 19. Qxg5
Ba6) 17. exf6 Rxf6 18. Ne4 $1 dxe4 {I expected 18...Qe7} 19. Qxc5 exd3 20. cxd3
e5 21. f5 b6 22. Qd5+ Be6 23. Qg2 {I preferred not to go into the line} (23.
fxe6 Rxf1+ 24. Nc1 Rc8 25. e7+ Kh7) 23... Raf8 24. Ng3 Bd7 25. Qd5+ Be6 26. Qg2
Bd7 27. a3 Rd6 28. Rd1 Na5 29. Ne4 Rd4 30. Qg3 Bb5 31. Qxe5 Bxd3+ 32. Rxd3 Rxd3
33. Qe6+ Kh8 34. Nd6 Rh3 35. Nf7+ Kh7 (35... Rxf7 36. Qxf7 {and White will win
the endgame easily.}) 36. g5 $1 Rxh2 ({Now} 36... Rxf7 $4 {would fail to} 37.
g6+ Kg8 38. Qxf7+ Kh8 39. Qf8#) 37. g6+ Kg8 38. Nxh6+ Kh8 39. Qg8+ $3 1-0

[Event "Quadzilla's Revenge.1"]
[Site "Flint, MI"]
[Date "2002.01.19"]
[Round "2.2"]
[White "Timmerman, Peter"]
[Black "Aldrich, Jeff"]
[Result "1-0"]
[WhiteElo "1641"]
[BlackElo "1906"]
[PlyCount "49"]
[EventDate "2002.01.19"]

1. d4 d5 2. c4 c6 3. cxd5 cxd5 4. Nc3 Nc6 5. Nf3 Nf6 6. Bf4 e6 7. e3 a6 8. Rc1
Bd6 9. Bxd6 Qxd6 10. Bd3 O-O 11. O-O b5 12. Bb1 Bb7 13. Ne1 e5 14. dxe5 Nxe5
15. Nf3 Rfd8 16. Nxe5 Qxe5 17. Qd4 Qh5 18. f3 Re8 19. Rfe1 Qg5 20. Nd1 Rad8 21.
Rc7 Ba8 22. Nf2 Nh5 23. Nh3 Qf6 24. Qxf6 Nxf6 25. Kf2 $138 1-0

[Event "Reuben Fine Winter Swiss"]
[Site "Warren, MI"]
[Date "2002.01.19"]
[Round "4"]
[White "Mazuchowski, Tom"]
[Black "Radu, Cornel"]
[Result "1-0"]
[WhiteElo "2023"]
[BlackElo "1375"]
[PlyCount "51"]
[EventDate "2002.01.19"]

1. e4 c5 2. Nf3 d6 3. d4 cxd4 4. Nxd4 Nf6 5. Nc3 a6 6. Bc4 e6 7. Bb3 Be7 8. f4
Qc7 9. O-O Nc6 10. Be3 O-O 11. Kh1 Bd7 12. f5 Nxd4 13. Bxd4 Rac8 14. Qe2 b5 15.
e5 dxe5 16. Bxe5 Qb6 17. Rad1 Rfd8 18. Bxf6 Bxf6 19. Rxd7 $1 Rxd7 20. fxe6 Re7
21. Nd5 Qxe6 22. Nxe7+ Qxe7 23. Qxe7 Bxe7 24. Rxf7 Rf8 25. Rxe7+ Kh8 26. Bf7
1-0

[Event "Reuben Fine Winter Swiss"]
[Site "Warren, MI"]
[Date "2002.01.19"]
[Round "1"]
[White "Mandell, Sheldon"]
[Black "West, Tony"]
[Result "1-0"]
[WhiteElo "1394"]
[BlackElo "1841"]
[Annotator "Bob Ciaffone"]
[PlyCount "53"]
[EventDate "2002.01.19"]

1. d4 d5 2. Nf3 Nf6 3. Bf4 e6 {A move that looks harmless enough, but lays the
groundwork for black's defeat by blocking in his queen-bishop. Better was} (
3... c5) 4. e3 Bd6 5. Ne5 O-O 6. Nd2 Nfd7 7. Bd3 Nxe5 8. Bxe5 Bxe5 9. dxe5 c5
10. b3 Nc6 11. f4 Nb4 {It is understandable that black should want to trade
off the white Bd3, which rakes his kingside, but now White is left with a good
knight against a bad bishop.} 12. Nf3 Nxd3+ 13. Qxd3 h6 {This creates a target
which White wastes no time in attacking.} 14. g4 Qc7 15. g5 c4 16. bxc4 dxc4
17. Qe4 h5 18. g6 {Now lines are opened for the white attack, while the bad
bishop and the rook hemmed in by it are spectators to the plight of their
commander.} Qa5+ 19. Kf2 Qd5 20. gxf7+ Rxf7 21. Qg6 Rf5 22. Rhd1 Qc5 23. Ng5
Rxf4+ {Blacks last move on offense...and he has no defense.} 24. Ke2 Bd7 25.
Qh7+ Kf8 26. Qh8+ Ke7 27. Qxg7+ 1-0

[Event "Reuben Fine Winter Swiss"]
[Site "Warren, MI"]
[Date "2002.01.19"]
[Round "1"]
[White "Krivochenitser, Roman"]
[Black "Joseph, George"]
[Result "1-0"]
[WhiteElo "1511"]
[BlackElo "601"]
[Annotator "Bob Ciaffone"]
[PlyCount "41"]
[EventDate "2002.01.19"]

1. e4 c5 2. Nf3 Nc6 3. d4 e6 {An unusual move, not so good, but not as bad as
it looks. If White plays the natural 4.d5 then 4...exd5 5.exd5 Nce7 is
playable, because further White aggression by 6.d6 loses a pawn to 6...Nf5
since the black queen will provide a third attacker.} 4. Nc3 d5 5. Be2 $2 {
Loses a pawn to 5...dxe4} h6 $2 {Black fails to notice the error, and wastes
time to boot.} 6. O-O Nf6 7. e5 Ne4 8. Re1 c4 {Unwisely releasing central
tension.} 9. Bf1 Bb4 $2 10. Re3 $2 {White should play 10.Nxe4! since 10...Bxe1
loses two pieces for a rook to 11. Nd6 Black has to play 10...dxe4 11.Rxe4
dropping a pawn.} Nxc3 11. bxc3 Be7 12. h3 O-O 13. Nh2 f6 $2 14. Rg3 $1 {After
this move black is a gone goose, owing to his g6 weakness.} g5 15. h4 $1 Bd7
16. Qh5 $1 Kh7 17. Ng4 Qe8 18. Qxh6+ Kg8 19. hxg5 Qf7 20. Nxf6+ Bxf6 21. gxf6+
1-0

[Event "Reuben Fine Winter Swiss"]
[Site "Warren, MI"]
[Date "2002.01.19"]
[Round "3"]
[White "Johnson, Johnny"]
[Black "Matias, I.C."]
[Result "1-0"]
[WhiteElo "1873"]
[BlackElo "2166"]
[Annotator "Tony West"]
[PlyCount "87"]
[EventDate "2002.01.19"]

1. e4 e5 2. c4 Nc6 3. Nc3 Nf6 4. Nf3 d6 5. h3 Be7 6. Bd3 O-O 7. Bb1 Be6 8. b3
h6 9. O-O Nd4 10. Nd5 c6 11. Nxd4 exd4 12. Nxe7+ Qxe7 13. a4 a5 14. f4 c5 15.
Qf3 Bd7 16. Re1 Bc6 17. d3 Nd7 18. Bd2 b6 19. Bc2 Rae8 20. g4 Qh4 21. Re2 f5
22. Be1 Qe7 23. gxf5 Rxf5 24. Qg4 Rf7 25. Bg3 Nf6 26. Qf3 Nh7 27. Rf1 Ng5 28.
Qg2 Ne6 29. Qh2 Ref8 30. f5 Qg5 $6 31. h4 Qh5 $2 32. Ref2 {And now Black can't
save his knight because his queen will be trapped!} Rf6 33. fxe6 Qg4 34. e7
R8f7 35. Rxf6 Rxf6 36. Rxf6 gxf6 37. Qg2 Kh7 38. Bxd6 Qxh4 39. Bg3 Qg5 40. Bd1
Qe3+ 41. Qf2 Qxd3 42. Bg4 Bxe4 43. e8=Q Qb1+ 44. Qe1 1-0

[Event "Reuben Fine Winter Swiss"]
[Site "Warren, MI"]
[Date "2002.01.19"]
[Round "3"]
[White "Ghobrial, Ameer"]
[Black "Davidovich, Manis"]
[Result "1/2-1/2"]
[WhiteElo "2115"]
[BlackElo "2055"]
[PlyCount "110"]
[EventDate "2002.01.19"]

1. c4 Nf6 2. Nc3 g6 3. e4 e5 4. g3 Bg7 5. Bg2 O-O 6. Nge2 Nc6 7. O-O d6 8. h3
a6 9. Rb1 Rb8 10. d3 Nh5 11. g4 Nf6 12. b4 b5 13. cxb5 axb5 14. Be3 Nd7 15. Nd5
Nd4 16. Ng3 c6 17. Nc3 Ne6 18. Nce2 Qh4 19. Qd2 Bf6 20. Kh2 Bg5 21. Rh1 Nf4 22.
Nxf4 exf4 23. Bxf4 Bxf4 24. Qxf4 Ne5 25. Kg1 f5 26. exf5 Bxf5 27. Nxf5 Rxf5 28.
Qg3 Nf3+ 29. Kf1 Nd2+ 30. Ke2 Re8+ 31. Be4 Qxg3 32. fxg3 Nxe4 33. gxf5 Nxg3+
34. Kd2 Nxh1 35. Rxh1 gxf5 36. Rc1 Rc8 37. Rf1 Ra8 38. Rxf5 Rxa2+ 39. Kc3 Kg7
40. Rf4 Ra3+ 41. Kc2 Ra4 42. Rd4 d5 43. Rg4+ Kf6 44. Kc3 h5 45. Rg8 Kf5 46. Rc8
Ra1 47. Kd4 Rc1 48. Rg8 Rh1 49. Kc5 Rxh3 50. Kxc6 Rxd3 51. Kxb5 h4 52. Kc5 h3
53. b5 Rb3 54. b6 Kf4 55. Rf8+ Kg3 1/2-1/2

[Event "Quadzilla's Revenge.1"]
[Site "Flint, MI"]
[Date "2002.01.19"]
[Round "3.4"]
[White "Aldrich, Jeff"]
[Black "Maul, Tim"]
[Result "1-0"]
[WhiteElo "1906"]
[BlackElo "1547"]
[PlyCount "47"]
[EventDate "2002.01.19"]

1. d4 d6 2. c4 Nf6 3. Nc3 g6 4. e4 Bg7 5. f3 O-O 6. Be3 Re8 7. Qd2 Nbd7 8. Nh3
e5 9. d5 a5 10. Be2 Nc5 11. Nf2 Bd7 12. g4 Qe7 13. h4 h5 14. Bh6 Bh8 15. Bg5
hxg4 16. fxg4 Qf8 17. h5 Qg7 18. O-O-O Nh7 19. Bh6 Qf6 20. hxg6 Qxg6 21. g5 Bg7
22. Bh5 Bxh6 23. Bxg6 Bxg5 24. Bxh7+ 1-0

[Event "Quadzilla's Revenge.1"]
[Site "Flint, MI"]
[Date "2002.01.19"]
[Round "1.3"]
[White "Aldrich, Jeff"]
[Black "Aldrich, Justin"]
[Result "1-0"]
[WhiteElo "1906"]
[BlackElo "1589"]
[PlyCount "57"]
[EventDate "2002.01.19"]

1. d4 d5 2. c4 c6 3. Nc3 Nf6 4. Nf3 Nbd7 5. Bg5 h6 6. Bh4 e6 7. e3 Be7 8. Qc2
O-O 9. Bd3 dxc4 10. Bxc4 c5 11. Rd1 b6 12. e4 cxd4 13. Nxd4 Qc7 14. Bd3 Nc5 15.
Bg3 Nxd3+ 16. Qxd3 Qc5 17. a3 Rd8 18. b4 Qh5 19. Qe3 Bb7 20. f3 Rac8 21. Nce2
a5 22. bxa5 Qxa5+ 23. Kf2 e5 24. Nb3 Qxa3 25. Bxe5 Ba6 26. Ra1 Bc5 27. Rxa3
Bxe3+ 28. Kxe3 Bxe2 29. Kxe2 $138 1-0